| 000 | 00737nam a22002297a 4500 | ||
|---|---|---|---|
| 999 |
_c18211 _d18211 |
||
| 003 | AR-CdUCM | ||
| 008 | 190401b ||||| |||| 00| 0 spa d | ||
| 040 |
_aMUNICIPALIDAD PROVINCIAL DEL CUSCO _cBIBLIOTECA MUNICIPAL DEL CUSCO |
||
| 041 | _heng | ||
| 082 |
_a800 / _bI76 |
||
| 100 |
_aIrving, Washington _910258 |
||
| 245 | _aCuentos de La Alhambra / | ||
| 260 |
_aBuenos Aires : _bAcme Agency S. A. C. I. ; _c1955. |
||
| 300 |
_a265 páginas ; _bIlustraciones _c20cm |
||
| 440 |
_aColección Robin Hood _927354 |
||
| 505 | _aContenido: Novela | ||
| 650 |
_aNovela _9572 |
||
| 650 |
_aLiteratura juvenil _91580 |
||
| 700 |
_aTorres de la Puerta, José (adaptación) _927592 |
||
| 942 |
_2ddc _cLIBROS |
||
| 945 |
_apjha _d2019-05-13 |
||